| 000 | 00887cam a22003017a 4500 | ||
|---|---|---|---|
| 003 | CHAP | ||
| 005 | 20220329140957.0 | ||
| 008 | 971013s1960 r 00010 d | ||
| 010 | _a60794 | ||
| 011 | _a61766 | ||
| 035 | _a65934 | ||
| 040 | _cCHAP | ||
| 082 |
_a519.92 _bF5 1960 |
||
| 100 | 0 | 0 |
_aFisher, Ronald A. _941112 |
| 245 | 1 | 4 | _aThe desing of experiments |
| 250 | _a7 ed. | ||
| 260 |
_aLondon : _bOliver and Boyd, _c1960 |
||
| 300 | _a248 p. | ||
| 590 |
_aBATCH-UPD _b10 _c20130110 _lUCH01 _h0134 |
||
| 590 |
_aBATCH-UPD _b10 _c20130110 _lUCH01 _h1603 |
||
| 590 |
_aBATCH-UPD _b10 _c20130410 _lUCH01 _h1000 |
||
| 590 |
_aBATCH-UPD _b10 _c20130914 _lUCH01 _h1206 |
||
| 590 |
_aCONVERSION _b10 _c20130109 _lUCH01 _h1333 |
||
| 650 | 1 | 4 |
_aDiseƱos experimentales. _932735 |
| 901 | _aBK | ||
| 942 | _cLIBRO | ||
| 949 |
_a519.92 F5 1960 _bBC _cLIBRO _d33724000445433 _eLIBRO _h28220 _i65934 _si |
||
| 999 |
_c60794 _d60794 |
||